000 01464nam a2200229Ia 4500
003 Ost
005 20260507075540.0
008 260507s9999||||xx |||||||||||||| ||und||
040 _cfsecg
041 _aara
082 _a657.46
100 _aنور، أحمد محمد
_eمؤلف
245 0 _aمبادئ المحاسبة المالية :
_bالمبادئ و المفاهيم و الإجراءات المحاسبية طبقا لمعايير المحاسبة الدولية و المصرية /
_c أحمد محمد نور
260 _aالاسكندرية:
_bالدار الجامعية,
_c2008
300 _a469 صفحة؛
_bإيضاحات ؛
_c24 سم
520 _aيضم تعريف المحاسبة وتحديد أهدافها ووظائفها والإطار الفكري مع ربطها بمعايير المحاسبة الدولية المصرية، التسجيل المحاسبي لعمليات المشروع واستكمال الدورة المحاسبية مع ربطها بمعايير المحاسبة المصرية والدولية، المعالجة المحاسبية للعمليات اليومية للمشروع التجاري مع ربطها بمعايير المحاسبة الدولية والمصرية
653 _aالمالية العامة- محاسبة
653 _aالمحاسبة
653 _aالمحاسبة التحليلية
700 _aشحاتة، السيد شحاتة
_eمؤلف ثانوي
942 _cكتاب
999 _c44865
_d44865